[Event "ICS Rated blitz match"]
[Site "204.178.125.65"]
[Date "1999.09.15"]
[Round "?"]
[White "rb"]
[Black "Hossa"]
[Result "1-0"]
[WhiteElo "2413"]
[BlackElo "2341"]
[PlyCount "147"]
[EventDate "1999.??.??"]

1. e4 c5 2. Nf3 Nc6 3. d4 cxd4 4. Nxd4 Nxd4 5. Qxd4 Nf6 6. e5 Ng8 7. Bb5 a6 8.
Bc4 d6 9. Bf4 Bf5 10. exd6 exd6 11. O-O Bxc2 12. Re1+ Ne7 13. Nc3 Rc8 14. Nd5
b5 15. Nxe7 Bxe7 16. Qxg7 Rxc4 17. Qxh8+ Kd7 18. Qxd8+ Bxd8 19. Re2 Bg6 20. g3
Bh5 21. Rd2 Rc6 22. Kg2 Ba5 23. Rd4 Bb6 24. Rd5 Bg4 25. a4 Be6 26. Rd2 Bc5 27.
axb5 axb5 28. Kf3 Bb3 29. h4 Ke6 30. Re1+ Kd7 31. Re5 Bb4 32. Rd3 Bc2 33. Rd4
Rc4 34. Red5 Ke6 35. g4 Bc5 36. Rxc4 bxc4 37. Rd2 Bd3 38. Be3 Bb4 39. Rd1 d5
40. Bd4 Be4+ 41. Ke3 Bc2 42. Ra1 Bb3 43. f4 Kd7 44. Ra7+ Ke8 45. Ra8+ Ke7 46.
Rh8 Bd1 47. Rxh7 Bxg4 48. h5 Ke6 49. Rh6+ Ke7 50. Rb6 Bd6 51. h6 Bf5 52. b3 Kd7
53. bxc4 dxc4 54. Rb5 Bh7 55. f5 Kc6 56. Rb6+ Kd5 57. Rb7 Bh2 58. Rd7+ Kc6 59.
Rxf7 Bg8 60. Rg7 Bh7 61. Rxh7 Bd6 62. Ra7 c3 63. Bxc3 Bh2 64. Rg7 Kb5 65. h7
Bd6 66. Bd4 Ba3 67. Ke4 Bd6 68. Kd5 Bf4 69. Rb7+ Ka6 70. Rb6+ Ka7 71. Rb1+ Ka6
72. h8=Q Bb8 73. Bc5 Bf4 74. Qa1# {Hossa checkmated} 1-0

[Event "ICS Rated blitz match"]
[Site "204.178.125.65"]
[Date "1999.09.29"]
[Round "?"]
[White "toothfairy"]
[Black "Hossa"]
[Result "0-1"]
[WhiteElo "2040"]
[BlackElo "2501"]
[PlyCount "78"]
[EventDate "1999.??.??"]

1. e4 c5 2. c4 g6 3. Nf3 Bg7 4. d4 cxd4 5. Nxd4 Nf6 6. Nc3 O-O 7. Be2 Nc6 8.
Be3 d6 9. O-O Nxd4 10. Bxd4 b6 11. Rc1 Ba6 12. f3 e6 13. b3 Bh6 14. Rc2 Nh5 15.
Bf2 Nf4 16. a4 Qg5 17. Bg3 Nxe2+ 18. Qxe2 Qc5+ 19. Kh1 Qb4 20. Rd1 Qxb3 21.
Bxd6 Bxc4 22. Qf2 Rfd8 23. e5 Be3 24. Qxe3 Qxc2 25. Rg1 Qd3 26. Qc1 Bd5 27. Rd1
Qc4 28. Nxd5 exd5 29. Qg5 Qxa4 30. Rg1 Rdc8 31. h4 a5 32. h5 Rc4 33. g3 Qd7 34.
g4 Qe6 35. f4 d4 36. f5 Qd5+ 37. Kh2 Rc2+ 38. Kg3 Qb3+ 39. Kf4 39... Qe3# {
toothfairy checkmated} 0-1

[Event "ICS Rated blitz match"]
[Site "204.178.125.65"]
[Date "1999.10.14"]
[Round "?"]
[White "topolino"]
[Black "Hossa"]
[Result "1-0"]
[WhiteElo "2495"]
[BlackElo "2374"]
[PlyCount "118"]
[EventDate "1999.??.??"]

1. d4 Nf6 2. c4 e6 3. Nf3 b6 4. a3 Be7 5. Nc3 O-O 6. d5 exd5 7. cxd5 Re8 8. e4
c6 9. d6 Bf8 10. e5 Ng4 11. Bf4 Qf6 12. Ne2 Nxe5 13. Bxe5 Rxe5 14. Nxe5 Qxe5
15. Qd2 Qxd6 16. Qxd6 Bxd6 17. Nc3 Bc5 18. Bc4 Bb7 19. Na4 Bd4 20. Nc3 b5 21.
Be2 a5 22. O-O b4 23. Na4 bxa3 24. Rxa3 c5 25. Nb6 Ra7 26. b3 Bc3 27. Rd1 Be4
28. Nc8 Rc7 29. Nd6 Bb4 30. Ra2 Bg6 31. Bf3 Kf8 32. Re2 f6 33. Re3 Bf7 34. Kh1
g5 35. Nxf7 Kxf7 36. Bh5+ Kg7 37. Bg4 Kf8 38. Rf3 Kf7 39. Rd6 Rc6 40. Rfxf6+
Ke7 41. Rxc6 Nxc6 42. Rh6 Ne5 43. Bf5 Be1 44. Rxh7+ Kd6 45. Kg1 Bc3 46. h4 g4
47. Kf1 Kd5 48. Bxd7 Kd4 49. Bf5 Bb4 50. Rg7 Kc3 51. h5 Kxb3 52. h6 Bc3 53. h7
Nf7 54. Rxf7 a4 55. Bxg4 a3 56. Rf3 Kb4 57. Rxc3 Kxc3 58. h8=Q+ Kb4 59. Be6
59... Kb5 {Hossa resigns} 1-0

[Event "ICS Rated blitz match"]
[Site "204.178.125.65"]
[Date "1999.10.04"]
[Round "?"]
[White "topolino"]
[Black "Hossa"]
[Result "1-0"]
[WhiteElo "2562"]
[BlackElo "2356"]
[PlyCount "123"]
[EventDate "1999.??.??"]

1. e4 c5 2. c3 d6 3. d4 Nf6 4. f3 d5 5. Bb5+ Bd7 6. Bxd7+ Nbxd7 7. e5 Ng8 8.
Qb3 cxd4 9. Qxd5 dxc3 10. Nxc3 e6 11. Qxb7 Nxe5 12. Qb5+ Nd7 13. Bf4 Ngf6 14.
Rd1 Be7 15. Nge2 O-O 16. O-O Bc5+ 17. Kh1 Qb6 18. Qxb6 axb6 19. Rd3 e5 20. Bg5
Bb4 21. Nd5 Nxd5 22. Rxd5 Nb8 23. a3 Bc5 24. b4 Bd4 25. Nxd4 exd4 26. Rxd4 f6
27. Bf4 Nc6 28. Rd6 Ne7 29. Rfd1 Nc8 30. Rd8 g5 31. Bc1 Rxd8 32. Rxd8+ Kf7 33.
a4 Ke7 34. Rh8 Kd7 35. Rxh7+ Ne7 36. Be3 Rxa4 37. Bxb6 Kc6 38. Rxe7 Kxb6 39. h3
Rxb4 40. Re6+ Kb5 41. Rxf6 Rb1+ 42. Kh2 Rc1 43. Kg3 Rc5 44. Kg4 Rc2 45. g3 Rc5
46. Rf5 Kc6 47. Rxc5+ Kxc5 48. Kxg5 Kd5 49. h4 Kd4 50. h5 Ke3 51. f4 Kf3 52. h6
Ke4 53. h7 Kd5 54. f5 Kc6 55. f6 Kd5 56. f7 Kc6 57. h8=Q Kd5 58. Qd8+ Kc4 59.
f8=Q Kb5 60. Qd5+ Kb6 61. Qfc5+ Ka6 62. Qa5# {Hossa checkmated} 1-0

[Event "ICS Rated blitz match"]
[Site "204.178.125.65"]
[Date "1999.10.04"]
[Round "?"]
[White "topolino"]
[Black "Hossa"]
[Result "1-0"]
[WhiteElo "2545"]
[BlackElo "2380"]
[PlyCount "189"]
[EventDate "1999.??.??"]

1. e4 c5 2. c3 Nf6 3. e5 Nd5 4. g3 d6 5. exd6 e6 6. Bg2 Bxd6 7. Nf3 O-O 8. O-O
c4 9. b3 b5 10. d3 Ba6 11. Nd4 cxd3 12. Qxd3 b4 13. c4 Qf6 14. Bb2 Be5 15. f4
Bxd4+ 16. Bxd4 Qe7 17. Qd1 Nc6 18. cxd5 Bxf1 19. Kxf1 exd5 20. Bb2 Rad8 21. Nd2
Rfe8 22. Rc1 Qb7 23. Rc2 Qb5+ 24. Kg1 Qb6+ 25. Kh1 Nd4 26. Bxd4 Qxd4 27. Qf1
Rc8 28. Nf3 Qe3 29. Rd2 Rc5 30. f5 Rec8 31. Rd3 Qh6 32. Qf2 Qa6 33. Rd2 f6 34.
Qd4 Qb6 35. Ne1 Rd8 36. Nd3 Rb5 37. Nf4 Qxd4 38. Rxd4 Kh8 39. Bxd5 h5 40. Kg2
Kh7 41. Kf3 Ra5 42. Rd2 Kh6 43. Ke4 Rc5 44. Ne6 Re8 45. Kd4 Rc1 46. Re2 Rec8
47. Bc4 Rd1+ 48. Ke4 Rc6 49. Ke3 a5 50. Kf4 Rcd6 51. Ke4 R6d2 52. h4 Rxe2+ 53.
Bxe2 Rd2 54. Nf4 Rxa2 55. Kd3 a4 56. bxa4 Rxa4 57. Kc4 Ra5 58. Bd3 Ra1 59. Kxb4
Rg1 60. Ne2 Rf1 61. Kc3 Ra1 62. Kd4 Ra4+ 63. Bc4 Ra5 64. Bd5 Ra4+ 65. Kd3 Ra7
66. Nc3 g6 67. fxg6 Rd7 68. Ke3 Kxg6 69. Ne2 Kh6 70. Be4 Rg7 71. Kf3 Rg4 72.
Nd4 Kg7 73. Nf5+ Kf8 74. Ke3 Rg8 75. Kd4 Rg4 76. Kd5 Rg8 77. Bf3 Rg6 78. Bxh5
Rg8 79. Ke6 Rh8 80. Bg6 Rg8 81. Kxf6 Rh8 82. g4 Rg8 83. Nd4 Rh8 84. Ne6+ Kg8
85. Bf7+ Kh7 86. g5 Rc8 87. g6+ Kh6 88. g7 Rb8 89. Nf8 Rb6+ 90. Be6 Rb2 91.
g8=Q Rf2+ 92. Ke7 Rxf8 93. Qxf8+ Kh5 94. Qg7 Kxh4 95. Qg4# {Hossa checkmated}
1-0

[Event "ICS Rated blitz match"]
[Site "204.178.125.65"]
[Date "1999.10.07"]
[Round "?"]
[White "topolino"]
[Black "Hossa"]
[Result "1-0"]
[WhiteElo "2456"]
[BlackElo "2487"]
[PlyCount "116"]
[EventDate "1999.??.??"]

1. e4 c5 2. Nf3 Nc6 3. d4 cxd4 4. Nxd4 g6 5. Nc3 Bg7 6. Be3 Nh6 7. Nxc6 bxc6 8.
f3 f5 9. Qd2 Nf7 10. exf5 gxf5 11. f4 O-O 12. Be2 Nd6 13. Bd4 Bxd4 14. Qxd4 Qb6
15. O-O-O Rb8 16. Qxb6 axb6 17. Rd4 c5 18. Rdd1 Ne4 19. Nd5 Rf7 20. Rhe1 d6 21.
Bh5 Rg7 22. Bf3 Kf8 23. Ne3 Ra8 24. a3 Ra7 25. g3 Nf6 26. Bc6 Be6 27. Rd2 Kf7
28. c4 Kg6 29. Kb1 Rg8 30. Rd3 Rc8 31. Bf3 Ra4 32. Bd1 Ra6 33. Bc2 Rca8 34. g4
Kf7 35. gxf5 Bd7 36. Rb3 Rg8 37. Bd1 Bc6 38. Be2 Ne4 39. Nf1 Kf6 40. Re3 Nf2
41. Ng3 Bd7 42. Kc1 Ra7 43. Rg1 Kf7 44. Bh5+ Kf8 45. Rge1 Bc8 46. f6 exf6 47.
Re8+ Kg7 48. Rxg8+ Kxg8 49. Re8+ Kg7 50. Rxc8 Kh6 51. Rf8 Kg7 52. Rd8 h6 53.
Rxd6 Ra4 54. Be2 Ra6 55. Nh5+ Kg8 56. Nxf6+ Kf8 57. Nd5 Nh3 58. Rxh6 58... Ng1
{Hossa resigns} 1-0

[Event "ICS Rated blitz match"]
[Site "204.178.125.65"]
[Date "1999.10.14"]
[Round "?"]
[White "topq"]
[Black "Hossa"]
[Result "0-1"]
[WhiteElo "2145"]
[BlackElo "2318"]
[PlyCount "106"]
[EventDate "1999.??.??"]

1. Nc3 d5 2. e4 d4 3. Nce2 Nc6 4. Nf3 e5 5. Ng3 Bd6 6. Bc4 Nf6 7. a4 O-O 8. d3
Bb4+ 9. Bd2 Bxd2+ 10. Qxd2 Bg4 11. h3 Bxf3 12. gxf3 Ne8 13. O-O-O Qf6 14. Nf5
Nd6 15. Nxd6 cxd6 16. Rdg1 Qxf3 17. Qh6 Qf4+ 18. Qxf4 exf4 19. Rg4 f3 20. Rhg1
g6 21. Bd5 Rac8 22. h4 Ne5 23. R4g3 Nxd3+ 24. Kb1 Nb4 25. Bb3 Rce8 26. h5 Kg7
27. hxg6 fxg6 28. Rg4 d3 29. c3 Nc6 30. Re1 Ne5 31. Rg3 Rf4 32. Bd5 Ng4 33. Rf1
Nf6 34. Bxb7 Nxe4 35. Bxe4 Rfxe4 36. Rxf3 Re1+ 37. Rxe1 Rxe1+ 38. Ka2 d2 39.
Rd3 d1=Q 40. Rxd1 Rxd1 41. b4 Rd2+ 42. Kb3 Rxf2 43. b5 Rf5 44. c4 h5 45. Kb4 h4
46. a5 h3 47. b6 axb6 48. axb6 h2 49. b7 h1=Q 50. b8=Q Qb1+ 51. Ka4 Qxb8 52. c5
Rxc5 53. Ka3 53... Ra5# {topq checkmated} 0-1

[Event "ICS Rated blitz match"]
[Site "204.178.125.65"]
[Date "1999.09.27"]
[Round "?"]
[White "vitsi"]
[Black "Hossa"]
[Result "0-1"]
[WhiteElo "2243"]
[BlackElo "2449"]
[PlyCount "43"]
[EventDate "1999.??.??"]

1. e4 e6 2. d4 d5 3. Nc3 dxe4 4. Nxe4 Nd7 5. Bd3 Ngf6 6. Bg5 Be7 7. Bxf6 Nxf6
8. Nf3 Nxe4 9. Bxe4 O-O 10. Qe2 c5 11. O-O-O cxd4 12. Rxd4 Qb6 13. Kb1 Bf6 14.
Rhd1 Bxd4 15. Rxd4 e5 16. Bxh7+ Kxh7 17. Ng5+ Kh6 18. Rh4+ Kxg5 19. Qh5+ Kf6
20. Re4 Bf5 21. g4 Bxe4 22. g5+ {vitsi resigns} 0-1

[Event "ICS Rated blitz match"]
[Site "204.178.125.65"]
[Date "1999.09.19"]
[Round "?"]
[White "vitsi"]
[Black "Hossa"]
[Result "1-0"]
[WhiteElo "2205"]
[BlackElo "2597"]
[PlyCount "76"]
[EventDate "1999.??.??"]

1. e4 c5 2. Nf3 Nc6 3. d4 cxd4 4. Nxd4 e5 5. Nb5 Bc5 6. Nd6+ Bxd6 7. Qxd6 Qf6
8. Qd1 Qg6 9. Nc3 Nge7 10. Be3 O-O 11. h4 Rd8 12. h5 Qe6 13. Nd5 Qd6 14. Qd2
Nxd5 15. exd5 Ne7 16. Bc4 Nf5 17. O-O-O Qc7 18. Bb3 d6 19. g4 Nxe3 20. Qxe3
Bxg4 21. Rdg1 f5 22. h6 a5 23. hxg7 a4 24. Qh6 Qxg7 25. Qe6+ Kh8 26. Bc4 a3 27.
f3 e4 28. fxg4 Qxb2+ 29. Kd1 Rf8 30. gxf5 Qd4+ 31. Bd3 Qa1+ 32. Kd2 Qxg1 33.
Rxg1 Rae8 34. Qh6 Rf7 35. Bb5 e3+ 36. Ke2 Rd8 37. Bd3 Ra8 38. f6 38... Rg8 {
Hossa resigns} 1-0

[Event "ICS Rated blitz match"]
[Site "204.178.125.65"]
[Date "1999.09.27"]
[Round "?"]
[White "vitsi"]
[Black "Hossa"]
[Result "0-1"]
[WhiteElo "2229"]
[BlackElo "2463"]
[PlyCount "76"]
[EventDate "1999.??.??"]

1. e4 e6 2. d4 d5 3. Nc3 dxe4 4. Nxe4 Nd7 5. Bd3 Ngf6 6. Bg5 Be7 7. Bxf6 Nxf6
8. Nf3 Nxe4 9. Bxe4 O-O 10. Qe2 c5 11. O-O-O cxd4 12. Rxd4 Qb6 13. Rd3 Qa6 14.
Kb1 Bf6 15. g4 Qb5 16. c3 e5 17. g5 Be7 18. Nxe5 Qa5 19. h4 Be6 20. b3 Rad8 21.
f4 Qc7 22. h5 f5 23. gxf6 Bxf6 24. Rg3 Kh8 25. Bc2 Bd5 26. Rhg1 Rfe8 27. c4 Bg8
28. h6 gxh6 29. Qe4 Bxe5 30. fxe5 Rxe5 31. Qh4 Qe7 32. Qxh6 Re1+ 33. Kb2 Qe5+
34. Ka3 Rxg1 35. Rxg8+ Kxg8 36. Bxh7+ Kf7 37. Qg6+ Rxg6 38. Bxg6+ 38... Kxg6 {
vitsi resigns} 0-1

[Event "ICS Rated bullet match"]
[Site "204.178.125.65"]
[Date "1999.09.23"]
[Round "?"]
[White "Hossa"]
[Black "JSBach"]
[Result "1-0"]
[WhiteElo "2348"]
[BlackElo "2125"]
[PlyCount "161"]
[EventDate "1999.??.??"]

1. e4 e5 2. Nf3 Nf6 3. Nxe5 d6 4. Nf3 Nxe4 5. d3 Nf6 6. Be2 d5 7. O-O Bd6 8.
Nc3 O-O 9. Nb5 Bc5 10. Bf4 Bb6 11. Re1 Be6 12. d4 Re8 13. Ng5 Bf5 14. c4 Ba5
15. Bd2 c6 16. Bxa5 b6 17. cxd5 cxb5 18. Bxb5 Bd7 19. Bxd7 Nbxd7 20. Rxe8+ Qxe8
21. Bd2 h6 22. Nf3 Nxd5 23. Qb3 Qe6 24. Re1 Qd6 25. Qc4 Rf8 26. Qa6 Qc7 27. Rc1
Qb8 28. Qb5 N7f6 29. Qc6 Rd8 30. Ne5 a6 31. Qc2 Re8 32. Qd3 Qb7 33. Qf5 Re6 34.
Be3 Ne7 35. Qh3 Ned5 36. Bxh6 gxh6 37. Qxh6 Ne4 38. Qh4 Ndf6 39. f3 Nd6 40.
Qg5+ Kh8 41. a3 Qd5 42. Qh6+ Nh7 43. Qf4 Rf6 44. Qh4 Qb3 45. Qf2 Re6 46. Re1 b5
47. f4 Qd5 48. Re3 Re8 49. Re2 Ne4 50. Qe3 Nhf6 51. Rc2 Rg8 52. Rc7 Nd6 53. Qf2
Nfe4 54. Qh4+ Kg7 55. Qg4+ Kh7 56. Qh5+ Kg7 57. Qg6+ Kf8 58. Nd7+ Ke7 59. Nb6+
Kf8 60. Qh6+ Ke8 61. Nxd5 a5 62. Nf6+ Kd8 63. Rd7+ Kc8 64. Nxe4 Rg6 65. Rxd6
Rxh6 66. Rxh6 Kd7 67. Kf2 b4 68. Ke3 bxa3 69. Nc5+ Ke7 70. bxa3 f6 71. Ke4 a4
72. Kd5 Kf7 73. Rh7+ Kg6 74. Ke6 Kxh7 75. d5 Kg8 76. d6 f5 77. d7 Kf8 78. d8=Q+
Kg7 79. Qg5+ Kh8 80. Kf6 Kh7 81. Qg7# {JSBach checkmated} 1-0

[Event "ICS Rated bullet match"]
[Site "204.178.125.65"]
[Date "1999.09.27"]
[Round "?"]
[White "Hossa"]
[Black "JSBach"]
[Result "1-0"]
[WhiteElo "2364"]
[BlackElo "2088"]
[PlyCount "103"]
[EventDate "1999.??.??"]

1. e4 e5 2. Be2 Qg5 3. d4 Qxg2 4. Bf3 Qg6 5. dxe5 Bc5 6. Ne2 Qb6 7. O-O Ne7 8.
Nbc3 Qe6 9. Na4 Bb4 10. c3 Ba5 11. b4 Bb6 12. Bf4 a5 13. Nxb6 Qxb6 14. Qa4 O-O
15. Bh5 Re8 16. Qb3 Ng6 17. b5 Qe6 18. Qxe6 Rxe6 19. Bxg6 Rxg6+ 20. Kh1 b6 21.
Rg1 Rxg1+ 22. Rxg1 Bb7 23. f3 h5 24. Ng3 h4 25. Nf5 g6 26. Nxh4 Kh7 27. Ng2 Kg7
28. Ne3 Ra7 29. Ng4 Kf8 30. a4 Ke7 31. c4 Ra8 32. Bg5+ Ke8 33. Nf6+ Kd8 34.
Nd5+ Kc8 35. Ne7+ Kd8 36. Nxg6+ Ke8 37. Ne7 Ra7 38. Bf6 d5 39. Rg8+ Kd7 40. Nc8
Ra8 41. exd5 Bxd5 42. cxd5 c6 43. bxc6+ Nxc6 44. Nxb6+ Kc7 45. Nxa8+ Kb7 46.
dxc6+ Kxc6 47. Rc8+ Kd5 48. Nb6+ Ke6 49. Re8+ Kf5 50. Nd5 Kg6 51. Ne7+ Kh7 52.
Rh8# {JSBach checkmated} 1-0

[Event "ICS Rated bullet match"]
[Site "204.178.125.65"]
[Date "1999.09.29"]
[Round "?"]
[White "Hossa"]
[Black "JSBach"]
[Result "1-0"]
[WhiteElo "2369"]
[BlackElo "2004"]
[Annotator "Fritz 5.32 (22s)"]
[PlyCount "111"]
[EventDate "1999.??.??"]

1. e4 e5 2. Nf3 Nc6 3. Bb5 Qf6 4. d3 (4. c3 g5 5. d4 h6 6. Bxc6 Qxc6 7. Nbd2
exd4 8. Nxd4 Qg6 9. O-O Be7 10. Re1 Nf6 11. N2f3 O-O 12. Nf5 Bd8 13. h4 d6 14.
hxg5 hxg5 15. Bxg5 Bxf5 16. exf5 Qxf5 17. Qd4 Kg7 18. Re3 18... c5 {
Balashov,Y-Benedictsson,B/Reykjavik 1984/MCD/ - (29)}) 4... Bc5 (4... h6 5. Nc3
Bb4 6. Bd2 Bxc3 7. Bxc3 a6 8. Bxc6 Qxc6 9. Nxe5 Qe6 10. Ng4 d6 11. Bxg7 Rh7 12.
Bc3 Qxg4 13. Qxg4 Bxg4 14. h3 Bd7 15. O-O O-O-O 16. b4 Re8 17. a4 b6 18. a5 b5
19. Bd4 Kb7 20. Rfe1 f6 21. c4 Rg7 22. Re3 {
- Brons,J-Van de Weijer,C/Arnhem 1996/EXT 98 (22)}) 5. O-O $146 (5. Bg5 Qg6 6.
h4 Nge7 7. Bc4 h6 8. h5 hxg5 9. hxg6 Rxh1+ 10. Ke2 Rxd1 11. gxf7+ Kf8 12. Kxd1
Na5 13. Nxg5 Nxc4 14. dxc4 Ng6 15. Nd2 Be7 16. Ndf3 Bxg5 17. Nxg5 Nh8 18. Ke2
Nxf7 19. Nf3 19... d6 {Tuomala,T-Alivirta,O/FIN-chT 1989/EXT 97/0-1 (53)}) 5...
Nge7 6. Bg5 Qe6 7. Nc3 O-O (7... a6 8. Bxc6 dxc6 9. Be3 $11) 8. Bc4 Qg6 9. Nb5
Bd6 10. c3 {Deckt b4} 10... Rd8 $16 (10... a6 11. Nxd6 Qxd6 12. d4 $14) 11. Re1
(11. Bxe7 Nxe7 12. d4 12... Nc6 $16 (12... Qxe4 $2 {wird widerlegt durch} 13.
Ng5 Qc6 14. Nxd6 (14. Nxf7 $6 14... Qxc4 15. Nbxd6 cxd6 16. Nxd8 16... Qc7 $14)
(14. Bxf7+ $6 {waere weniger gut} 14... Kh8 15. Nxd6 15... cxd6 $18) 14... cxd6
15. Bxf7+ (15. Nxf7 $6 15... Qxc4 16. Nxd8 16... Qc7 $14) 15... Kh8 16. Qh5 $18
)) 11... h6 (11... a6 12. Nxd6 Qxd6 13. d4 $14) 12. Be3 $14 (12. Bxe7 $5 12...
Nxe7 13. d4 $16 (13. Nxd6 $6 13... Qxd6 14. d4 14... exd4 $14)) 12... Na5 $16 (
12... a6 13. Nh4 Qf6 14. Nxd6 Qxd6 15. d4 $14) 13. Nxd6 $11 (13. Nxa7 $5 $142
13... b6 14. Nxc8 Rdxc8 15. Bb3 $16) 13... Qxd6 14. Bb5 a6 15. Ba4 Qf6 16. d4
Nc4 17. Bc1 exd4 18. e5 ({Schwaecher ist} 18. Nxd4 18... c5 19. Nf3 19... d5
$11) 18... Qf5 $16 (18... Qg6 19. Nxd4 c5 20. Bc2 $16) 19. cxd4 $14 (19. Nxd4
19... Qh7 $16) 19... Qg4 20. Bb3 (20. Bc2 20... Nb6 $14) 20... b5 21. d5 $11 (
21. h3 21... Qe6 $14) 21... Bb7 22. Bxc4 $15 {
Nun geraet Schwarz unter starken Druck.} (22. h3 22... Qh5 $11) 22... Qxc4 {
Im Brennpunkt: d5} 23. d6 cxd6 24. exd6 Nf5 25. Be3 25... Bxf3 $14 (25... Re8
$5 $15 $142 {ist noch spielbar}) 26. Qxf3 ({Schlechter scheint} 26. gxf3 26...
Re8 $17) 26... Nxd6 (26... Nxe3 27. Rxe3 (27. fxe3 $143 27... Rac8 $15) 27...
Rac8 28. b3 Qc1+ 29. Re1 $11) 27. Bxh6 27... Rac8 $18 (27... Qb4 $5 $142 28.
Rad1 28... Re8 $14) 28. Bxg7 $1 {nicht am Material kleben ist die Devise} 28...
Rc6 $4 {ein Fehler, doch es war nicht viel zu retten} (28... Kxg7 $142 29. Qg3+
Kh7 30. Qxd6 30... Rc6 $18) 29. Bf6 {Droht Matt: Qg3} 29... Nf5 (29... Qc2 {
hilft allerdings auch nicht} 30. Bxd8 Nf5 31. Re8+ Kh7 32. Bg5 $18) 30. Bxd8 (
30. Qxf5 $142 {und Weiss ist direkt am Ziel} 30... Qc2 31. Qg5+ Qg6 32. Qxg6+
fxg6 33. Bxd8 33... d5 $18) 30... Rc5 (30... Ng7 {
waere gleichermassen fruchtlos} 31. Rad1 Re6 32. Rxe6 Qxe6 33. b3 $18) 31. Bf6
{Droht Matt: Re8} 31... Kh7 32. Qh5+ (32. b4 $142 {sichert den Gewinn} 32...
Qxb4 33. Re4 Qd2 34. Qh5+ Nh6 35. Qxc5 35... Kg6 $18) 32... Nh6 33. Bg5 {
Droht Matt} 33... Rc6 34. Bxh6 (34. Re7 {laesst dem Gegner kaum Chancen} 34...
Qd5 $18) 34... Rxh6 35. Qf5+ Kg7 36. Qxd7 Qf4 37. g3 Rg6 (37... Rd6 {
hilft auch nicht mehr} 38. Qe7 Qf6 39. Qxf6+ Kxf6 40. Rad1 $18) 38. Rad1 Kh7 (
38... Qf3 $18 {ist der letzte Rettungsanker}) 39. Re7 {Mit der Mattdrohung Rxf7
} 39... Kg7 40. Qd4+ (40. Qe8 Qc4 41. Rd8 Qc1+ 42. Re1 Qxe1+ 43. Qxe1 Re6 44.
Qc3+ Kg6 45. Rg8+ Kf5 46. g4+ Ke4 47. Rg5 Kf4 48. Qd2+ Kf3 49. Qd3+ Re3 50.
Qxe3#) 40... Qxd4 41. Rxd4 Rc6 42. Rf4 Rf6 (42... Kg6 {
macht keinen grossen Unterschied} 43. Rexf7 a5 44. h4 $18) 43. Rxf6 {
Es droht Matt} 43... Kxf6 44. Ra7 Kg7 45. Rxa6 f5 46. Rb6 Kf7 47. Rxb5 Kf6 48.
Kg2 (48. a4 $5 {gibt noch groesseren Vorteil} 48... Ke6 $18) 48... f4 49. gxf4
Ke7 50. Rb6 (50. Re5+ $5 $142 {und Weiss haette es noch leichter} 50... Kf6 $18
) 50... Kd7 51. Kf3 Ke7 52. Ke4 Kd7 53. Kd5 Ke7 54. Re6+ Kd8 (54... Kf8 {
kann das Vorangegangene nicht ungeschehen machen} 55. a4 Kg7 56. Kd6 Kf7 57.
Ke5 Kg7 58. Re7+ Kg8 59. Kf6 Kf8 60. Re5 Kg8 61. Rh5 Kf8 62. Rh8#) 55. Kc6 Kc8
56. Re8# 1-0

[Event "ICS Rated bullet match"]
[Site "204.178.125.65"]
[Date "1999.10.05"]
[Round "?"]
[White "Hossa"]
[Black "JSBach"]
[Result "1-0"]
[WhiteElo "2390"]
[BlackElo "2193"]
[PlyCount "125"]
[EventDate "1999.??.??"]

1. Nf3 d5 2. g3 Bf5 3. Bg2 e6 4. O-O Nf6 5. Nd4 Bg6 6. Nb3 Nc6 7. d4 Bd6 8. Bg5
O-O 9. N1d2 h6 10. Bxf6 Qxf6 11. e3 Rae8 12. c4 Bd3 13. Re1 dxc4 14. Nc1 Na5
15. Nxd3 cxd3 16. Ne4 Qf5 17. Qxd3 Bb4 18. Red1 Rd8 19. Qe2 Nc6 20. Nc3 Bxc3
21. bxc3 Rd6 22. e4 Qg5 23. e5 Rdd8 24. Qb5 Rb8 25. Bxc6 bxc6 26. Qxc6 Qe7 27.
Qa6 Ra8 28. f4 Rfd8 29. Rab1 c5 30. Qa3 Rac8 31. dxc5 Rxd1+ 32. Rxd1 Rxc5 33.
c4 Qc7 34. Rd8+ Qxd8 35. Qxc5 Qd2 36. Qxa7 Qe1+ 37. Kg2 Qe2+ 38. Qf2 Qxc4 39.
g4 Qc3 40. h4 g6 41. Kh2 Qa3 42. h5 Kh8 43. hxg6 fxg6 44. Qd2 Qa8 45. f5 Kg8
46. fxe6 Qf8 47. Qd3 Qf4+ 48. Kh3 Qxe5 49. Qxg6+ Qg7 50. Qxg7+ Kxg7 51. e7 Kf7
52. e8=Q+ Kxe8 53. Kh4 Kf7 54. Kh5 Kg7 55. a4 Kh7 56. a5 Kg7 57. a6 Kh7 58. a7
Kg7 59. a8=Q Kf6 60. Qe8 Kg7 61. Qe7+ Kg8 62. Kg6 Kh8 63. Qg7# {
JSBach checkmated} 1-0

[Event "ICS Rated bullet match"]
[Site "204.178.125.65"]
[Date "1999.10.15"]
[Round "?"]
[White "JSBach"]
[Black "Hossa"]
[Result "1/2-1/2"]
[WhiteElo "2124"]
[BlackElo "2434"]
[PlyCount "292"]
[EventDate "1999.??.??"]

1. e4 c5 2. Bb5 a6 3. Bc4 Nf6 4. Nc3 b5 5. Bd3 Bb7 6. f3 e5 7. h4 Be7 8. a4 Nh5
9. Nh3 Ng3 10. Rh2 Bxh4 11. Nf2 c4 12. Be2 Nc6 13. axb5 axb5 14. Rxa8 Bxa8 15.
Nxb5 Nxe2 16. Nd6+ Kf8 17. Qxe2 Na5 18. Nxc4 Nc6 19. Qe3 Nd4 20. Qd3 d6 21. b4
Bc6 22. Bb2 Nb5 23. Na5 Bd7 24. Rh1 Be7 25. c4 Na7 26. Qe3 Nc8 27. Nb3 Nb6 28.
c5 Na4 29. Ba1 Bg5 30. Qd3 dxc5 31. bxc5 Be6 32. Qxd8+ Bxd8 33. Nc1 Nxc5 34.
Bxe5 Kg8 35. Bd6 Nb7 36. e5 Ba5 37. Ne4 Bb6 38. g4 Bc4 39. d3 Bb5 40. Ke2 Ba4
41. Nc3 Bd7 42. Nd5 Bd8 43. Ne7+ Bxe7 44. Bxe7 Na5 45. Bd6 Bb5 46. Ke3 Ba6 47.
Ne2 Nc6 48. Rc1 Nd8 49. Ra1 Bb7 50. d4 h5 51. gxh5 Rxh5 52. Nf4 Rf5 53. Ra5 Nc6
54. Rb5 Bc8 55. Rc5 Bb7 56. Nd5 Kh7 57. Ke4 Nxd4 58. Kxd4 Bxd5 59. Kxd5 Rxf3
60. Ke4 Rh3 61. Rc7 Kg6 62. Kd4 Rh1 63. Rd7 Rd1+ 64. Ke4 Rd2 65. Kf4 Rd1 66.
Kg4 Rd4+ 67. Kg3 Rd3+ 68. Kf2 Rh3 69. Ke2 Rc3 70. Rb7 Rc1 71. Kf3 Rf1+ 72. Kg2
Rf5 73. Kg1 Rf3 74. Rd7 Rf4 75. Kh2 Rd4 76. Kg2 Rd1 77. Kf3 Rd2 78. Rc7 Rd3+
79. Ke2 Rb3 80. Kd2 Rb1 81. Ke3 Re1+ 82. Kf3 Rg1 83. Rd7 Rd1 84. Ke2 Rg1 85.
Kd3 Rd1+ 86. Kc2 Rd4 87. Kb3 Rd3+ 88. Kb4 Rd2 89. Kb5 Rc2 90. Bc5 Rc1 91. Rd6+
Kf5 92. Rd5 g6 93. Rd7 Kxe5 94. Rxf7 g5 95. Rg7 g4 96. Rxg4 Rb1+ 97. Kc6 Re1
98. Bd6+ Ke6 99. Rd4 Rc1+ 100. Kb5 Rb1+ 101. Ka6 Ra1+ 102. Kb7 Rb1+ 103. Kc7
Rc1+ 104. Kb6 Rb1+ 105. Ka5 Kf6 106. Ka6 Ra1+ 107. Kb6 Rb1+ 108. Kc7 Rc1+ 109.
Kd7 Rf1 110. Rd5 Rf2 111. Bc5 Rf1 112. Bd4+ Kf7 113. Kd6 Rd1 114. Ke5 Re1+ 115.
Kf5 Rf1+ 116. Ke4 Re1+ 117. Kd3 Rd1+ 118. Ke2 Rc1 119. Kd2 Rf1 120. Rd6 Rf5
121. Kd3 Rf3+ 122. Ke4 Rf1 123. Kd5 Rf5+ 124. Be5 Rf3 125. Rd7+ Kg6 126. Rb7
Rd3+ 127. Ke4 Rh3 128. Rg7+ Kh6 129. Rg1 Rh5 130. Rg8 Kh7 131. Rg4 Kh6 132.
Bf4+ Kh7 133. Be3 Kh8 134. Bd4+ Kh7 135. Rg7+ Kh6 136. Rg8 Rh4+ 137. Kd5 Kh5
138. Be5 Rb4 139. Rg1 Rb5+ 140. Ke4 Kh4 141. Rg6 Rb3 142. Rg2 Rb4+ 143. Kd5
Rb5+ 144. Ke6 Rb6+ 145. Kf5 Rb3 146. Rc2 146... Rf3+ {
Game drawn by the 50 move rule} 1/2-1/2

[Event "ICS Rated bullet match"]
[Site "204.178.125.65"]
[Date "1999.10.14"]
[Round "?"]
[White "JSBach"]
[Black "Hossa"]
[Result "0-1"]
[WhiteElo "2103"]
[BlackElo "2430"]
[PlyCount "38"]
[EventDate "1999.??.??"]

1. e4 e6 2. Qf3 d5 3. Be2 dxe4 4. Qxe4 Nf6 5. Qe3 Nd5 6. Qe4 Bd6 7. d4 Nf6 8.
Qf3 Nc6 9. Bb5 Bd7 10. Bd3 Nxd4 11. Qe3 Bc6 12. Qxd4 Bxg2 13. Qa4+ c6 14. Bh6
gxh6 15. Be4 Nxe4 16. Nf3 Bxf3 17. Rg1 Bg3 18. Qd4 Qxd4 19. hxg3 19... Qxf2# {
JSBach checkmated} 0-1

[Event "ICS Rated bullet match"]
[Site "204.178.125.65"]
[Date "1999.09.16"]
[Round "?"]
[White "JSBach"]
[Black "Hossa"]
[Result "0-1"]
[WhiteElo "2150"]
[BlackElo "2327"]
[PlyCount "76"]
[EventDate "1999.??.??"]

1. e4 c6 2. Nf3 d5 3. Nc3 Bg4 4. h3 Bxf3 5. Qxf3 e6 6. d4 dxe4 7. Qxe4 Nf6 8.
Qe3 Bb4 9. Bd2 Bxc3 10. Bxc3 Nd5 11. Qd3 Nxc3 12. Qxc3 O-O 13. Bd3 Nd7 14. O-O
Qe7 15. Rac1 Rfd8 16. Be4 Qh4 17. Bf3 Nf6 18. Qb4 Qxd4 19. Qxb7 Rab8 20. Qxc6
Qxb2 21. Qa4 Qb6 22. Rcd1 e5 23. Rxd8+ Rxd8 24. Rd1 Rxd1+ 25. Bxd1 Qd4 26. c4
e4 27. Bc2 g5 28. Qb5 Qd2 29. Qb1 Qe2 30. c5 e3 31. f3 Qf2+ 32. Kh2 e2 33. Qb8+
Kg7 34. Qe5 e1=Q 35. Qxg5+ Kf8 36. Qh6+ Ke7 37. Qe3+ Qfxe3 38. c6 38... Q3g1# {
JSBach checkmated} 0-1